Investičná činnosť v reštrukturalizácii a dlhodobom rozvoji Slovenskej republiky diplomová práca

Enregistré dans:
Détails bibliographiques
Auteur principal: Kardoš, Roman
Collectivité auteur: Národohospodárska fakulta EU. Katedra hospodárskej politiky
Autres auteurs: Vorlíčková, Jana
Format: Livre
Langue:slovaque
Publié: Bratislava 2008
Tags: Ajouter un tag
Pas de tags, Soyez le premier à ajouter un tag!

MARC

LEADER 00000nam$a2200000$$$4500
001 0077651
005 20240201115348.1
041 0 |a slo 
044 |a SK 
245 1 0 |a Investičná činnosť v reštrukturalizácii a dlhodobom rozvoji Slovenskej republiky  |b diplomová práca  |c Roman Kardoš ; škol. Jana Vorlíčková 
264 1 |a Bratislava  |c 2008 
300 |a 71 s. 
100 1 |a Kardoš, Roman 
700 1 |a Vorlíčková, Jana 
710 2 |a Národohospodárska fakulta EU. Katedra hospodárskej politiky